000 00414nam a2200181Ia 4500
003 OSt
005 20221005115027.0
006 a|||||r|||| 00| 0
007 ta
008 221004b |||||||| |||| 00| 0 eng d
024 _a78008
037 _cTextual
040 _aCRL
_cCRL
_beng
041 _2eng
_aeng
245 0 _aBibliography on income and wealth
942 _cTEXL
_2cc
999 _c1033229
_d1033229